Kpop - Statystyki

Ogólne statystyki
  • Ten quiz został rozwiązany 834 razy
  • Średni wynik to 5 z 10
Statystyki odpowiedzi
Hint Odpowiedź % Poprawnych
1 BTS
98%
2 Blackpink
97%
4 Stray Kids
78%
3 TXT
49%
8 Enhypen
45%
7 EXO
45%
5 Seventeen
31%
9 NCT
22%
6 SHINee
15%
10 MONSTA X
10%
Nie znaleziono quizów pasujących do podanych kryteriów
Rozkład punktacji
Procent ludzi z każdym wynikiem
Percentyl według liczby udzielonych odpowiedzi
Twoja historia wyników
Nie rozwiązałeś tego quizu